| 000 | 00769nam a22002177a 4500 | ||
|---|---|---|---|
| 003 | OSt | ||
| 005 | 20250829085959.0 | ||
| 008 | 250829b |||||||| |||| 00| 0 eng d | ||
| 020 | _a9781111351694 | ||
| 040 |
_aDWCL-Main lib _cOC |
||
| 082 |
_2 Fourth edition _aCirc. 428.34 T253 2014 |
||
| 100 | _aDonna M. Brinton | ||
| 245 |
_aTeaching English as a second or foreign language _cDonna M. Brinton |
||
| 250 | _aFourth edition | ||
| 260 |
_aBoston, Massachusetts : _bNational Geographic Learning, _cc2014. |
||
| 300 |
_a xi, 706 pages _billustrations _c; 26 cm. |
||
| 504 | _aIncludes index. | ||
| 650 | _a1. English language--Study and teaching--Foreign speakers. | ||
| 650 | _a2. Second language acquisition. | ||
| 942 |
_2ddc _cBK-CIRC _kCirc _n0 _e Fourth edition |
||
| 999 |
_c4371 _d4371 |
||